Guia del poder / Círculo de Progreso Universitario
Descripción Física:
606 p. ; 19 cm
MARC
| LEADER | 00000nam a2200000Ia 4500 | ||
|---|---|---|---|
| 001 | 5674 | ||
| 008 | 160829s9999 xx 000 0 cat d | ||
| 080 | |a O-1-97 | ||
| 100 | |a Círculo de Progreso Universitario |9 31920 | ||
| 245 | |a Guia del poder / Círculo de Progreso Universitario | ||
| 260 | |a Madrid : |b Punto Editorial, DL 1983 | ||
| 300 | |a 606 p. ; |c 19 cm | ||
| 650 | |a Organismes de l'administració pública |x Espanya |x Directoris |9 31921 | ||
| 650 | |a Associacions, institucions, etc. |x Espanya |x Directoris |9 31922 | ||
| 901 | |a Arxiu | ||
| 942 | |n 1 | ||
| 952 | |0 0 |1 0 |4 0 |6 O197 |7 1 |9 45804 |a Arxiu |b Arxiu |d 2016-12-01 |l 0 |o O-1-97 |p 5674 |r 2016-12-01 00:00:00 |w 2016-12-01 |y ARXIU | ||
| 999 | |c 49304 |d 49304 | ||